Thảo luận tiếng Anh trong các chủ đề thông dụng = English for general conversation

Cuốn sách này giới thiệu các mẫu câu tiếng Anh cơ bản và các mẩu hội thoại thiết thực nhằm giúp người học có thể nâng cao trình độ tiếng Anh của mình. Nội dung cuốn sách được chia theo các chủ đề thông dụng, mỗi chủ đề lại được trì...

Disgrifiad llawn

Wedi'i Gadw mewn:
Manylion Llyfryddiaeth
Prif Awdur: Thanh Huyền
Fformat: Llyfr
Iaith:Undetermined
Cyhoeddwyd: Hà Nội Hồng Đức 2010
Pynciau:
Tagiau: Ychwanegu Tag
Dim Tagiau, Byddwch y cyntaf i dagio'r cofnod hwn!
Thư viện lưu trữ: Trung tâm Học liệu Trường Đại học Cần Thơ
LEADER 01071nam a2200217Ia 4500
001 CTU_170327
008 210402s9999 xx 000 0 und d
020 |c 39000 
082 |a 428.24 
082 |b Th107 
100 |a Thanh Huyền 
245 0 |a Thảo luận tiếng Anh trong các chủ đề thông dụng = 
245 0 |b English for general conversation 
245 0 |c Thanh Huyền 
260 |a Hà Nội 
260 |b Hồng Đức 
260 |c 2010 
520 |a Cuốn sách này giới thiệu các mẫu câu tiếng Anh cơ bản và các mẩu hội thoại thiết thực nhằm giúp người học có thể nâng cao trình độ tiếng Anh của mình. Nội dung cuốn sách được chia theo các chủ đề thông dụng, mỗi chủ đề lại được trình bày lần lượt theo các phần. 
650 |a English communication,Tiếng Anh giao tiếp 
904 |i Linh, Hải 
980 |a Trung tâm Học liệu Trường Đại học Cần Thơ